| 000 | 00747nam a22002417a 4500 | ||
|---|---|---|---|
| 003 | DO-SdBNP | ||
| 005 | 20210720110824.0 | ||
| 008 | 161031b2015 dr | 00| 0 spa d | ||
| 020 | _a9789945589696 | ||
| 040 |
_aBPMSU _bspa _cBPMSU |
||
| 082 |
_aRD864.44 _bC951d 2015 _222 |
||
| 100 | 1 |
_aCross Frías, Elvira Angélica _d1941- |
|
| 245 | 1 | 0 |
_aDecreto de reyes y otros ensayos / _cElvira Angélica Cross Frías |
| 260 |
_aSanto Domingo : _bSantuario, _c2015. |
||
| 300 |
_a203 p. : _c24 cm. |
||
| 500 | _aIncluye datos biográficos de la autora en la solapa de la cubierta | ||
| 590 | _6Inventariado, 2021/VM | ||
| 650 | 4 | _aEnsayos dominicanos | |
| 650 | 4 | _aLiteratura dominicana | |
| 910 | _aVMateo V | ||
| 942 |
_2ddc _cBK |
||
| 945 | _a | ||
| 999 |
_c12650 _d12650 |
||